000 00660nam a2200205 a 4500
001 000042375
005 20201002040120.0
008 131127s1994 sp 000 0 spa d
020 _a8401464633
040 _aDO-SdBNP
_bspa
_cBNPHU
041 1 7 _aspa
_heng
100 1 _aWodehouse, P. G.
_d(1881-1975).
_969459
240 1 0 _aCarry on, Jeeves!
_lEspañol
245 1 0 _aAdelante, Jeeves! /
_cP.G. Wodehouse ; traducción de Luis Jordá.
260 _aBarcelona :
_bPlaza & Janés,
_c1994.
300 _a246 p. ;
_c18 cm.
490 1 _aLos jet de Plaza & Janés
_v233/3
700 1 2 _aJordá, Luis
_etr.
_969460
830 0 _aLos jet de Plaza & Janés
_n233/ 3
_969461
999 _c41864
_d41864